Central Library OPAC University of Rajshahi

রবীন্দ্র দর্শন / (Record no. 46401)

MARC details
000 -LEADER
fixed length control field 00904nam a2200229 a 4500
001 - CONTROL NUMBER
control field 46401
003 - CONTROL NUMBER IDENTIFIER
rucl marc code BD-RjUL
005 - DATE AND TIME OF LATEST TRANSACTION
control field 20211209054140.0
008 - FIXED-LENGTH DATA ELEMENTS--GENERAL INFORMATION
fixed length control field 160802s1962 ii ||||| b||| 00| 0 ben d
035 ## - SYSTEM CONTROL NUMBER
System control number (BD-RjUL)46519
040 ## - CATALOGING SOURCE
Original cataloging agency BD-RjUL
Language of cataloging ben
Transcribing agency BD-RjUL
Modifying agency BD-RjUL
041 ## - LANGUAGE CODE
Language code of text/sound track or separate title ben
082 ## - DEWEY DECIMAL CLASSIFICATION NUMBER
Classification number 891.4414
Author mark and year BHR 1962
100 ## - MAIN ENTRY--PERSONAL NAME
Personal name বন্দোপাধ্যায়, হিরণ্নয়
9 (RLIN) 112184
245 10 - TITLE STATEMENT
Title রবীন্দ্র দর্শন /
Statement of responsibility, etc. হিরণ্নয় বন্দোপাধ্যায়,
250 ## - EDITION STATEMENT
Edition statement ৩য় সং.
260 ## - PUBLICATION, DISTRIBUTION, ETC. (IMPRINT)
Place of publication, distribution, etc. কলিকাতা :
Name of publisher, distributor, etc. সাহিত্য সংসদ,
Date of publication, distribution, etc. ১৯৬২
300 ## - PHYSICAL DESCRIPTION
Pagination ১১৫ পৃ. :
Illustrations চিত্র ;
Size ২০ সেমি.
600 ## - SUBJECT ADDED ENTRY--PERSONAL NAME
Personal name Tagore, Rabindranath
General subdivision Philosophy
Personal name ঠাকুর, রবীন্দ্রনাথ
General subdivision দর্শন
942 ## - ADDED ENTRY ELEMENTS (KOHA)
Source of classification or shelving scheme Dewey Decimal Classification
Koha item type Books
Holdings
Lost status Source of classification or shelving scheme Damaged status Not for loan Collection code Permanent Location Current Location Shelving location Date acquired Source of acquisition Total Checkouts Full call number Date last seen Date checked out Copy number Koha item type
  Dewey Decimal Classification     Non-fiction Central Library, University of Rajshahi Central Library, University of Rajshahi   02/10/1963 Kamala book. 8 891.4414 BHR 1962 02/01/2017 17/12/2016 C-2 Books
  Dewey Decimal Classification     Non-fiction Central Library, University of Rajshahi Central Library, University of Rajshahi   02/10/1963 Kamala book.   B 891.4414 BHR 1962 09/08/2016   C-3 Books